| 000 | 00839nam a2200205Ia 4500 | ||
|---|---|---|---|
| 003 | 0 | ||
| 005 | 20250128090025.0 | ||
| 008 | 150126s9999 xx 000 0 und d | ||
| 050 |
_aPGS LB 1044.87 _b.M842 2014 |
||
| 100 | _aMorelos, Alexandra P. | ||
| 245 |
_aUsage frequency of social media and study habits / _cAlexandra P. Morelos. |
||
| 260 |
_aLas Piñas City, Philippines : _bSouthville International School and Colleges, _c2014. |
||
| 300 |
_a30 p. : _bill. ; _c28 cm. |
||
| 504 | _aIncludes bibliographical references. | ||
| 650 |
_aSocial media _v—Educational aspects—Impact on study habits. |
||
| 650 |
_aStudy skills _v—Elementary school students—Influence of technology. |
||
| 650 |
_aEducation _v—Effect of technological innovations. |
||
| 650 |
_aInternet use _vImpact on academic performance. |
||
| 942 |
_2lcc _cPASS |
||
| 999 |
_c278612 _d278612 |
||